| 000 | 00889nam a2200277 i 4500 | ||
|---|---|---|---|
| 001 | 000043146 | ||
| 003 | DO-SdBNP | ||
| 005 | 20251017081348.0 | ||
| 007 | ta | ||
| 008 | 140220s20uu dr a 000 0 spa d | ||
| 040 |
_aDO-SdBNP _bspa _cBNPHU _erda |
||
| 041 | _aspa | ||
| 082 |
_axxx _bP438m _222 |
||
| 100 | 1 |
_aPérez Barrera, Claudio _eautor _970700 |
|
| 245 | 1 | 0 |
_aManual del usuario power point xp / _cClaudio Pérez Barrera, Ramón Antonio Tejada Lugo. |
| 264 |
_aSanto Domingo : _bCENTU, _c[fechoa no identificada] |
||
| 300 |
_a170 páginas : _bilustraciones ; _c28 cm. |
||
| 336 |
_ardacontent _btexto _2txt |
||
| 337 |
_ardamedia _bsin mediación _2n |
||
| 338 |
_ardacarrier _bvolumen _2nc |
||
| 590 | _aInventariado, 2025/DG | ||
| 700 | 1 |
_aTejada Lugo, Ramón Antonio _970705 |
|
| 710 | 2 |
_aCentro de Tecnología Universal (CENTU) _970701 |
|
| 910 | _aDG | ||
| 942 |
_2ddc _cLBS1 |
||
| 999 |
_c42635 _d42635 |
||